1268 1817 1698 1646 1455 1210 1557 1696 1312 1866 1775 1706 1088 1862 1836 1711 1689 1156 1753 1078 1764 1904 1609 1498 1929 1644 1534 1833 1701 1213 1921 1640 1450 1997 1599 1411 1362 1683 1914 1892 1546 1546 1885 1702 1072 1121 1839 1602 1557 1492 1673 1518 1217 1006 1382 1974 1433 1008 1898 1903 1625 1964 1784 1752 1164 1496 1147 1873 1214 1496 1777 1526 1989 1528 1244 1856 1454 1332 1384 1579 1328 1385 1089 1840 1135 1902 1805 1121 1962 1678 1079 1074 1353 1771 1490 1286 1426 1292 1929 BCNSPRNW ULIB Ver.6.0+V

เปลี่ยนเป็นภาษาไทย

Change to English
 แสดงรายละเอียดบรรณานุกรม
  กลับหน้าหลัก

Brief Record : Get Marc (ISO 2709) : E-mail record : QR code < ปิดหน้าต่าง
LEADER : 00000nam 2200000uu 4500
001    13399113366
003     ULIB
008    111108s2550||||th 000 0 tha d
020    9789741148776
060 04 WS100^bป361ก 2550
245 00 กุมารเวชศาสตร์ทั่วไป /^cประยงค์ เวชวนิชสนอง, วนพร อนันตเสรี, บรรณาธิการ
260    สงขลา :^bคณะแพทยศาสตร์ มหาวิทยาลัยสงขลานครินทร์,^c2550
300    504 หน้า :^bภาพประกอบ ;^c26 ซม.
650  4 กุมารเวชศาสตร์
700 0  ประยงค์ เวชวนิชสนอง,^eบรรณาธิการ
700 0  วนพร อนันตเสรี,^eบรรณาธิการ
710 2  มหาวิทยาลัยสงขลานครินทร์. ^bคณะแพทยศาสตร์
945    ^p580^l0^i023623
945    ^p580^l0^i023624
945    ^p580^l0^i023625
945    ^p580^l0^i023626
995    ทศพร
999 ^a ทศพร
รายการนี้ยังไม่มีแท็ก
คุณยังไม่ได้ล็อกอิน คุณสามารถมีกิจกรรมร่วมกับเว็บไซต์ได้ แต่ต้องล็อกอินก่อน ::
  ล็อกอิน

รายการสื่อสารสนเทศ

ลำดับที่ ประเภท เลขเรียก/บาร์โค้ด สถานที่ สถานะ
- ไม่พบข้อมูล -

รายการใกล้เคียง
    หัวเรื่อง [กุมารเวชศาสตร์]

BibComment


ยังไม่เคยถูกคอมเมนท์

คอมเมนท์ทรัพยากรรายการนี้
  คอมเมนท์: กุมารเวชศาสตร์ทั่..


 Copyright 2026. Bcnsprnw @Library